00583nam a2200193Ia 4500008004100000050001900041050001500060100002700075245009100102245002700193260003100220260001000251260001000261300001600271300002000287300001100307500005600318521001500374160517s9999 xx 000 0 und d aBF 698.35.E54  b.M491 2016 aMedina, Eladio Jose T. aLife values and emotional quotient of the selected guidance counselors in muntiparlas/ cEladio Jose T. Medina. aLas Piñas, Philippines : bSISC, c2016. a124 pages : billustrations ; c28 cm. aIncludes bibliographical references and appendices. aPsychology